Advanced quantitative microbiology for foods and biosystems: models for predicting growth and inactivation

Saved in:
Bibliografiske detaljer
Hovedforfatter: Peleg, Micha (Author)
Format: Bog
Sprog:engelsk
Udgivet: Boca Ratón CRC 2006
Serier:CRC Series in Contemporary Food Science
Fag:
Online adgang:carátula frontal
Tags: Tilføj Tag
Ingen Tags, Vær først til at tagge denne postø!

MARC

LEADER 00000nam a2200000 a 4500
001 UCJ2485
003 CL-VaPUC
008 061222e20060000US |||||||||||||||||eng|d
020 |a 0849336457 
082 0 4 |a 664.001579  |b PEL  |2 21 
100 0 |a Peleg, Micha  |e author  |9 503427 
245 1 0 |a Advanced quantitative microbiology for foods and biosystems: models for predicting growth and inactivation 
300 |a 417 p 
942 |c BK 
945 |d 20061222 00:00:00  |a cmena 
260 |a Boca Ratón  |b CRC  |c 2006 
650 0 |a Microbiología alimentaria  |9 259564 
650 0 |a Modelos matemáticos   |9 259437 
650 7 |a SISTEMAS BIOLOGICOS  |2 CL-VaPUC  |9 375368 
650 7 |a TECNOLOGIA DE ALIMENTOS  |2 CL-VaPUC  |9 503428 
856 7 |f UCJ2485_01.jpg  |u http://opac.pucv.cl/pucv_img/Img-2000/UCJ2485_01.jpg  |q JEPG  |2 file  |z carátula frontal 
583 |a last modification  |c 20061222 00:00:00  |k Rodrigo Vera 
490 0 |a CRC Series in Contemporary Food Science 
999 |c 318723  |d 318721 
952 |0 0  |1 0  |4 0  |6 664_001579000000000_PEL_2006  |7 0  |8 A  |9 396750  |a BIBALI  |b BIBALI  |c GEN  |d 2019-11-22  |i 4308956  |o 664.001579 PEL 2006  |p 4308956  |r 2025-01-20  |w 2019-11-22  |y BK  |k ALI 
952 |0 0  |1 0  |4 0  |6 664_001579000000000_PEL_2006  |7 0  |8 A  |9 396751  |a BIBING  |b BIBING  |d 2019-11-22  |i 4584953  |o 664.001579 PEL 2006  |p 4584953  |r 2025-01-20  |w 2019-11-22  |y BK  |k EIB